000 00709nam a2200241Ia 4500
003 OSt
005 20221007081643.0
006 a|||||r|||| 00| 0
007 ta
008 221006b |||||||| |||| 00| 0 eng d
024 _a16,400
037 _cReports / Technical Reports
040 _aFLL
_cFLL
_beng
041 _2eng
_aeng
082 _aX9t72:N68, L0
110 _aGovt. of Canada
_9697803
245 0 _aReport of the task force on the structure of canadian industry
260 _aOtawa
_bPrivy Council Office Canada
_c1970
300 _a427p
_ccm.
700 _aGovt. of Canada
_9697804
942 _hX9t72:N68, L0
_cREP
_2CC
999 _c1163838
_d1163838